| 000 | 00372nam a2200145Ia 4500 | ||
|---|---|---|---|
| 008 | 151213s9999 xx 000 0 und d | ||
| 100 | _aA.A.M.Moniruzzaman | ||
| 245 |
_aCivil Procedure Code _cA.A.M.Moniruzzaman |
||
| 260 |
_aDhaka _bShams Publication _c2006 |
||
| 300 | _a3282 p. | ||
| 650 | _aLaw | ||
| 650 | _aLaw | ||
| 700 | _aA.A.M.Moniruzzaman | ||
| 999 |
_c2244 _d2244 |
||